Caperucita Roja : tal como se la contaron a Jorge /

Mientras la mamá no está, el papá le cuenta a Jorge la historia de Caperucita Roja en una versión muy correcta. Sin embargo, la imaginación de Jorge convierte a esa Caperucita en otra muy diferente...

Guardado en:
Autor Principal: Pescetti, Luis María
Otros Autores: O´kif; il.
Formato: Libro
Publicado: Buenos Aires : Alfaguara, 2013
Edición:2a. ed. 14a. reimp.
Series:Alfaguara Infantil. Amarilla
Materias:
Etiquetas: Agregar Etiqueta
Sin Etiquetas, Sea el primero en etiquetar este registro!
LEADER 01103nam a22002655a 4500
001 CEM.cems015571
008 130507s2013##################000#0#####d
005 20250408184514.0
245 1 0 |a Caperucita Roja :  |b tal como se la contaron a Jorge /  |c Luis María Pescetti ; ilustrado Por O´kif. 
250 |a 2a. ed. 14a. reimp. 
260 |a Buenos Aires :  |b Alfaguara,  |c 2013 
300 |a 32 p. 
490 0 |a Alfaguara Infantil. Amarilla 
520 |a Mientras la mamá no está, el papá le cuenta a Jorge la historia de Caperucita Roja en una versión muy correcta. Sin embargo, la imaginación de Jorge convierte a esa Caperucita en otra muy diferente... 
020 |a 9789870401407 
100 1 |a Pescetti, Luis María 
700 1 |a O´kif; il. 
082 0 4 |a A868.4 
653 |a Literatura 
653 |a Literatura argentina 
653 |a Literatura infantil 
653 |a Cuentos infantiles 
653 |a Colección ciencias de la educación 
859 |a CEMS  |b BIB. CEMS - Inicial y Primaria  |h A868.4  |i P436-2  |k IP  |p 2880  |t Ej.1 
859 |a CEMS  |b BIB. CEMS - Ccias. Educacion  |h A868.4  |i P436-2  |k CE  |p 29012.19  |t Ej.1